[Event "Skara Vastgota op"]
[Site "Skara"]
[Date "2023.02.18"]
[Round "3"]
[White "Olsson, Simon"]
[Black "Galperin, Platon"]
[Result "0-1"]
[WhiteElo "2032"]
[BlackElo "2538"]
[PlyCount "66"]
[EventDate "2023.02.18"]
[EventType "swiss"]
[EventRounds "9"]
[EventCountry "SWE"]
[SourceTitle "CBM 212 Extra"]
[Source "ChessBase"]
[SourceDate "2023.03.31"]
[SourceVersion "1"]
[SourceVersionDate "2023.03.31"]
[SourceQuality "1"]

1. d4 Nf6 2. Bg5 d5 3. Bxf6 gxf6 4. e3 c5 5. dxc5 Nc6 6. c4 d4 7. exd4 Qxd4 8. Nc3 Qxc5 9. Qd5 Qb4 10. 0-0-0 Bg4 11. Be2 Bh6+ 12. Kb1 Rd8 13. Qb5 Qxb5 14. cxb5 Bf5+ 15. Ka1 Nd4 16. a4 Bc2 17. Rf1 Rg8 18. g3 Bd2 19. f4 Bxc3 20. bxc3 Be4 21. cxd4 Bxh1 22. Rd1 Bd5 23. Kb2 Kd7 24. Nf3 Rc8 25. Nd2 Rc7 26. Bd3 Rgc8 27. Nb1 e6 28. Re1 Kd6 29. Rd1 h5 30. Re1 f5 31. Rd1 h4 32. Rg1 hxg3 33. hxg3 Rh8 0-1

[Event "Skara Vastgota op"]
[Site "Skara"]
[Date "2023.02.18"]
[Round "5"]
[White "Sivuk, Vitaly"]
[Black "Olsson, Simon"]
[Result "1-0"]
[WhiteElo "2530"]
[BlackElo "2032"]
[PlyCount "53"]
[EventDate "2023.02.18"]
[EventType "swiss"]
[EventRounds "9"]
[EventCountry "SWE"]
[SourceTitle "CBM 212 Extra"]
[Source "ChessBase"]
[SourceDate "2023.03.31"]
[SourceVersion "1"]
[SourceVersionDate "2023.03.31"]
[SourceQuality "1"]

1. d4 Nf6 2. c4 Nc6 3. f3 e5 4. d5 Ne7 5. e4 Ng6 6. Be3 Bb4+ 7. Nd2 0-0 8. a3 Bxd2+ 9. Qxd2 Nh5 10. Bd3 d6 11. Ne2 Qh4+ 12. g3 Qh3 13. 0-0-0 a6 14. Nc3 Rb8 15. Kb1 Qd7 16. c5 Re8 17. Rc1 dxc5 18. Bxc5 b6 19. Be3 b5 20. Na2 Bb7 21. Rhd1 c6 22. dxc6 Bxc6 23. Qa5 Bb7 24. Nb4 Qd8 25. Qc7 Re7 26. Qxd8+ Rxd8 27. Bxb5 1-0

[Event "Lund CellaVision Cup"]
[Site "Lund"]
[Date "2019.08.02"]
[Round "3"]
[White "Kristiansen, Jens"]
[Black "Olsson, Simon"]
[Result "1-0"]
[WhiteElo "2400"]
[BlackElo "2178"]
[PlyCount "103"]
[EventDate "2019.08.02"]
[EventType "swiss"]
[EventRounds "8"]
[EventCountry "SWE"]
[SourceTitle "CBM 191 Extra"]
[Source "ChessBase"]
[SourceDate "2019.09.30"]
[SourceVersion "1"]
[SourceVersionDate "2019.09.30"]
[SourceQuality "1"]

1. Nf3 d5 2. g3 c5 3. Bg2 Nc6 4. 0-0 e5 5. d3 Nf6 6. e4 dxe4 7. dxe4 Qxd1 8. Rxd1 Bg4 9. Nbd2 Rd8 10. Rf1 Bd6 11. c3 0-0 12. h3 Bc8 13. Nh4 b5 14. Nf5 Bb7 15. Re1 Bc7 16. a4 a6 17. Nb3 Nd7 18. Be3 g6 19. Nh6+ Kg7 20. Ng4 c4 21. Bh6+ Kg8 22. Bxf8 Kxf8 23. axb5 axb5 24. Nc1 Nc5 25. Ne3 Rd2 26. Re2 Nb3 27. Rxd2 Nxd2 28. Nd5 Bd8 29. Na2 Nb3 30. Rd1 Ke8 31. Nab4 Nxb4 32. Nxb4 Nc5 33. Nd5 Nd3 34. b3 Bxd5 35. exd5 Kd7 36. bxc4 bxc4 37. Rb1 Bc7 38. Bf1 e4 39. Bxd3 exd3 40. Kf1 Be5 41. Rb4 Bxc3 42. Rxc4 d2 43. Ke2 Ba5 44. Ra4 Bc3 45. Ra3 Bb4 46. Rb3 Ba5 47. Rb7+ Ke8 48. g4 Bc3 49. d6 Ba5 50. Re7+ Kf8 51. Ra7 Bb4 52. Ra8+ 1-0

[Event "Norrkoeping Easter op"]
[Site "Norrkoeping"]
[Date "2018.04.02"]
[Round "8"]
[White "Henriksson, Johan"]
[Black "Olsson, Simon"]
[Result "1-0"]
[WhiteElo "2265"]
[BlackElo "2122"]
[PlyCount "125"]
[EventDate "2018.03.30"]
[EventType "swiss"]
[EventRounds "9"]
[EventCountry "SWE"]
[SourceTitle "CBM 183 Extra"]
[Source "ChessBase"]
[SourceDate "2018.04.19"]
[SourceVersion "1"]
[SourceVersionDate "2018.04.19"]
[SourceQuality "1"]

1. d4 Nf6 2. c4 Nc6 3. Nf3 e6 4. g3 d5 5. Bg2 dxc4 6. 0-0 Rb8 7. Nc3 b5 8. Ne5 Nxe5 9. dxe5 Nd7 10. Be3 Bb7 11. Bxb7 Rxb7 12. Qd4 Qc8 13. Rfd1 Bc5 14. Qxd7+ Qxd7 15. Rxd7 Kxd7 16. Bxc5 Kc6 17. Be3 Rd8 18. Rc1 h6 19. Ne4 Rbb8 20. b3 Kd5 21. Nd2 Kxe5 22. Bf4+ Kf6 23. Bxc7 Rxd2 24. Bxb8 Rxa2 25. bxc4 bxc4 26. Rxc4 Rxe2 27. Bxa7 h5 28. Kg2 Kg6 29. Be3 f6 30. Rc6 e5 31. Rc7 Ra2 32. Bc5 Ra8 33. Kf3 Re8 34. Bd6 Rd8 35. Rc6 Kf5 36. h3 Ra8 37. Rc7 Kg6 38. Bc5 Re8 39. Ke4 Ra8 40. Kd5 Rd8+ 41. Bd6 Ra8 42. Rb7 Rc8 43. Ra7 Rc2 44. Bf8 Kf5 45. Rxg7 Rd2+ 46. Kc4 Rxf2 47. Kd3 Rh2 48. h4 Rb2 49. Bc5 Rb3+ 50. Ke2 Ke4 51. Rg6 Rb2+ 52. Kf1 f5 53. Rg5 f4 54. gxf4 exf4 55. Rxh5 Kf3 56. Ke1 Re2+ 57. Kd1 Rh2 58. Rh8 Kg4 59. Be7 f3 60. Rg8+ Kf5 61. Rf8+ Ke4 62. Bg5 Kd3 63. Rxf3+ 1-0

[Event "Norrkoeping Easter op"]
[Site "Norrkoeping"]
[Date "2018.03.31"]
[Round "5"]
[White "Stenman, Christoffer"]
[Black "Olsson, Simon"]
[Result "1/2-1/2"]
[WhiteElo "1901"]
[BlackElo "2122"]
[PlyCount "29"]
[EventDate "2018.03.30"]
[EventType "swiss"]
[EventRounds "9"]
[EventCountry "SWE"]
[SourceTitle "CBM 183 Extra"]
[Source "ChessBase"]
[SourceDate "2018.04.19"]
[SourceVersion "1"]
[SourceVersionDate "2018.04.19"]
[SourceQuality "1"]

1. e4 c6 2. Nf3 d5 3. exd5 cxd5 4. Ne5 Nf6 5. Bb5+ Bd7 6. Nxd7 Nbxd7 7. d4 e6 8. 0-0 Be7 9. c3 0-0 10. Nd2 a6 11. Bd3 b5 12. a3 Qb6 13. b4 Qc6 14. Bb2 Nb6 15. Nb3 1/2-1/2

[Event "Lund CellaVision Cup"]
[Site "Lund"]
[Date "2015.08.07"]
[Round "2"]
[White "Olsson, Simon"]
[Black "Johannessen, Leif Erlend"]
[Result "0-1"]
[WhiteElo "2151"]
[BlackElo "2517"]
[PlyCount "62"]
[EventDate "2015.08.07"]
[EventType "swiss"]
[EventRounds "8"]
[EventCountry "SWE"]
[SourceTitle "CBM 167 Extra"]
[Source "ChessBase"]
[SourceDate "2015.09.14"]
[SourceVersion "1"]
[SourceVersionDate "2015.09.14"]
[SourceQuality "1"]

1. d4 f5 2. Nc3 Nf6 3. Bg5 d5 4. Bxf6 exf6 5. e3 Be6 6. Bd3 Qd7 7. Qf3 Nc6 8. Nge2 Ne7 9. 0-0-0 c6 10. h3 h5 11. Nf4 Bf7 12. Bf1 Nc8 13. Nd3 b6 14. g3 Nd6 15. Bg2 Ne4 16. Nb1 0-0-0 17. Qe2 Bd6 18. Nd2 Rde8 19. Kb1 Kb8 20. Rc1 h4 21. gxh4 Rxh4 22. c4 Nxd2+ 23. Qxd2 dxc4 24. Nb4 Bxb4 25. Qxb4 Bd5 26. Bxd5 cxd5 27. b3 cxb3 28. axb3 f4 29. Rc3 fxe3 30. fxe3 Rhe4 31. Rhc1 Rxe3 0-1

[Event "Malmo op"]
[Site "Malmo"]
[Date "2014.12.14"]
[Round "7"]
[White "Olsson, Simon"]
[Black "Johansson, Linus"]
[Result "0-1"]
[WhiteElo "2185"]
[BlackElo "2391"]
[PlyCount "122"]
[EventDate "2014.12.12"]
[EventType "swiss"]
[EventRounds "7"]
[EventCountry "SWE"]
[SourceTitle "EXT 2016"]
[Source "ChessBase"]
[SourceDate "2015.10.08"]
[SourceVersion "1"]
[SourceVersionDate "2015.10.08"]
[SourceQuality "1"]

1. d4 e6 2. c4 Nf6 3. Nc3 Bb4 4. a3 Bxc3+ 5. bxc3 c5 6. e3 Nc6 7. Bd3 b6 8. Ne2 0-0 9. e4 Ne8 10. 0-0 Ba6 11. f4 f5 12. exf5 exf5 13. dxc5 bxc5 14. Ng3 g6 15. Be3 d6 16. Bxf5 gxf5 17. Qd5+ Rf7 18. Qxc6 Bxc4 19. Rfd1 Qc8 20. Qxc8 Rxc8 21. Rab1 Kg7 22. Rb2 Kg6 23. Nf1 Bxf1 24. Kxf1 Re7 25. Bc1 Rc6 26. Re1 Rxe1+ 27. Kxe1 Rb6 28. Rxb6 axb6 29. c4 Nf6 30. Ke2 d5 31. Kd3 d4 32. Bd2 Kf7 33. a4 Ke6 34. a5 bxa5 35. Bxa5 Ng4 36. h3 Ne3 37. g3 Nd1 38. Kc2 Nf2 39. h4 Ne4 40. Be1 Kf6 41. Kd3 Nd6 42. Bf2 Nc8 43. Bg1 Ne7 44. Bf2 Nc6 45. Be1 Kg6 46. Ke2 Kh5 47. Kf3 Kg6 48. Ke2 Kf6 49. Kd3 Ke6 50. Bd2 Ne7 51. Ba5 Nc8 52. Bd2 Nb6 53. Ba5 Nd7 54. Bd2 Kf6 55. Be1 Kg6 56. Ke2 Kh5 57. Bf2 Kg4 58. Kd3 Kf3 59. Bxd4 cxd4 60. Kxd4 Kxg3 61. Kd5 Nb6+ 0-1

[Event "Malmo op"]
[Site "Malmo"]
[Date "2014.12.13"]
[Round "2"]
[White "Jepson, Christian"]
[Black "Olsson, Simon"]
[Result "1-0"]
[WhiteElo "2416"]
[BlackElo "2185"]
[PlyCount "101"]
[EventDate "2014.12.12"]
[EventType "swiss"]
[EventRounds "7"]
[EventCountry "SWE"]
[SourceTitle "EXT 2016"]
[Source "ChessBase"]
[SourceDate "2015.10.08"]
[SourceVersion "1"]
[SourceVersionDate "2015.10.08"]
[SourceQuality "1"]

1. c4 Nf6 2. d4 Nc6 3. Nf3 e6 4. Nc3 Bb4 5. e3 d6 6. Bd3 e5 7. Qc2 Bxc3+ 8. bxc3 0-0 9. 0-0 Bg4 10. Ng5 h6 11. Ne4 Bd7 12. Ng3 Ne7 13. c5 Bc6 14. cxd6 cxd6 15. Ba3 Qc7 16. e4 Rfe8 17. f4 exd4 18. cxd4 Rac8 19. Qb2 d5 20. e5 Ne4 21. Bxe7 Qxe7 22. Nf5 Qe6 23. Ne3 Qg6 24. Rac1 a6 25. Rc2 f5 26. Rfc1 Qe6 27. Qb3 Rcd8 28. Bxe4 dxe4 29. Qxe6+ Rxe6 30. Nxf5 g6 31. Nd6 Rdxd6 32. exd6 Rxd6 33. Rd2 Kf7 34. Kf2 Kf6 35. Rc5 b6 36. Re5 Bd5 37. Rc2 g5 38. fxg5+ hxg5 39. Ke3 b5 40. a3 Rd7 41. Rf2+ Kg6 42. Rff5 Bb7 43. Rxg5+ Kf6 44. Ref5+ Ke6 45. Re5+ Kf6 46. Rgf5+ Kg6 47. h4 Rh7 48. h5+ Kg7 49. Re7+ Kh6 50. Rf6+ Kxh5 51. Rxh7+ 1-0

[Event "Norrkoeping Easter op"]
[Site "Norrkoeping"]
[Date "2011.04.22"]
[Round "2"]
[White "Olsson, Simon"]
[Black "Hillarp Persson, Tiger"]
[Result "1/2-1/2"]
[WhiteElo "2101"]
[BlackElo "2524"]
[PlyCount "169"]
[EventDate "2011.04.22"]
[EventType "swiss"]
[EventRounds "8"]
[EventCountry "SWE"]
[SourceTitle "CBM 141 Extra"]
[Source "ChessBase"]
[SourceDate "2011.05.03"]
[SourceVersion "1"]
[SourceVersionDate "2011.05.03"]
[SourceQuality "1"]

1. d4 e6 2. c4 c5 3. e3 Nf6 4. Nc3 b6 5. Nf3 cxd4 6. Nxd4 Bb7 7. Ndb5 d6 8. b3 a6 9. Nd4 d5 10. cxd5 Nxd5 11. Bd2 Be7 12. Nxd5 Qxd5 13. Qf3 Bf6 14. Rc1 0-0 15. Rc7 Qxf3 16. Nxf3 Bc6 17. Bd3 Rd8 18. Ke2 a5 19. Rc1 Be8 20. Be4 Na6 21. Bxa8 Bb5+ 22. Ke1 Nxc7 23. Rxc7 Rxa8 24. Nd4 Bd3 25. Rb7 Bxd4 26. exd4 b5 27. Bxa5 h6 28. b4 Bc4 29. Kd2 g5 30. Ke3 Kg7 31. a3 Kg6 32. f4 f6 33. g3 Kf5 34. Rh7 gxf4+ 35. gxf4 Bd5 36. Rxh6 Rc8 37. Bb6 Rc3+ 38. Kf2 Rxa3 39. Bd8 Rf3+ 40. Ke2 Ke4 41. Rxf6 Bc4+ 42. Kd2 Rf2+ 43. Kc3 Bd5 44. Rg6 Rf3+ 45. Kd2 Rb3 46. Be7 Rb2+ 47. Kc3 Rb3+ 48. Kc2 Rh3 49. Rg3 Rxh2+ 50. Kc3 Ra2 51. Rg1 Ke3 52. Re1+ Kf2 53. Rc1 Ra3+ 54. Kb2 Rb3+ 55. Kc2 Ke2 56. Rb1 Rf3 57. Rb2 Ke3 58. Bf6 Kxf4 59. Be5+ Ke4 60. Kd2 Bc4 61. Bh8 Rd3+ 62. Kc2 Ke3 63. Be5 Ke2 64. Bf6 Rg3 65. Be5 Rf3 66. Kc1+ Kd3 67. Rd2+ Ke3 68. Rd1 Rf2 69. d5 Bd3 70. Re1+ Kf3 71. dxe6 Rc2+ 72. Kd1 Rc4 73. e7 Bg6 74. Bg7 Be8 75. Kd2 Rxb4 76. Kc3 Rc4+ 77. Kb3 Kf4 78. Bc3 Kf5 79. Bb4 Kf6 80. Rf1+ Ke6 81. Re1+ Kd7 82. Rd1+ Kc7 83. Rd2 Bf7 84. Rc2 Rc6+ 85. Kb2 1/2-1/2

[Event "SWE-chT 0506"]
[Site "Sweden"]
[Date "2005.??.??"]
[Round "2"]
[White "Dedorson, Tomas"]
[Black "Olsson, Simon"]
[Result "0-1"]
[WhiteElo "2149"]
[BlackElo "1943"]
[PlyCount "74"]
[EventDate "2005.10.??"]
[EventType "team"]
[EventRounds "11"]
[EventCountry "SWE"]
[SourceTitle "EXT 2008"]
[Source "ChessBase"]
[SourceDate "2007.11.25"]
[SourceVersion "1"]
[SourceVersionDate "2007.11.25"]
[SourceQuality "1"]
[WhiteTeam "Lulea"]
[BlackTeam "Skara"]
[WhiteTeamCountry "SWE"]
[BlackTeamCountry "SWE"]

1. d4 d5 2. Nf3 Nf6 3. Bg5 Ne4 4. Bh4 g6 5. e3 Bg7 6. Nbd2 Nd7 7. Nxe4 dxe4 8. Nd2 f5 9. Bc4 Nf6 10. 0-0 e6 11. c3 Qd7 12. f3 exf3 13. Qxf3 0-0 14. e4 Kh8 15. Rae1 Rb8 16. Qe2 b5 17. Bd3 a6 18. Nb3 Bb7 19. Nc5 Qc6 20. b4 Nd7 21. a4 Nxc5 22. axb5 axb5 23. bxc5 b4 24. Qd2 bxc3 25. Qxc3 fxe4 26. Rxf8+ Rxf8 27. Rf1 Ra8 28. Be2 Qd5 29. Bf6 Bxf6 30. Rxf6 Kg7 31. Rf1 Ra2 32. Bc4 Ra3 33. Qxa3 Qxc4 34. Qg3 Qxd4+ 35. Kh1 Qxc5 36. Qf4 Qe7 37. Qe5+ Kg8 0-1

[Event "SWE-chT 0506"]
[Site "Sweden"]
[Date "2005.??.??"]
[Round "1"]
[White "Olsson, Simon"]
[Black "Fransson, Jorgen"]
[Result "0-1"]
[WhiteElo "1943"]
[BlackElo "2070"]
[PlyCount "76"]
[EventDate "2005.10.??"]
[EventType "team"]
[EventRounds "11"]
[EventCountry "SWE"]
[SourceTitle "EXT 2008"]
[Source "ChessBase"]
[SourceDate "2007.11.25"]
[SourceVersion "1"]
[SourceVersionDate "2007.11.25"]
[SourceQuality "1"]
[WhiteTeam "Skara"]
[BlackTeam "Linkoping"]
[WhiteTeamCountry "SWE"]
[BlackTeamCountry "SWE"]

1. d4 f5 2. Nc3 Nf6 3. Bg5 d5 4. e3 e6 5. Nh3 Be7 6. Qd2 0-0 7. f3 c5 8. Nf2 Nc6 9. Bb5 Na5 10. Be2 a6 11. 0-0 b5 12. a3 Nc6 13. dxc5 Bxc5 14. b4 Be7 15. Bd3 Bb7 16. e4 Nxe4 17. Nfxe4 fxe4 18. Bxe7 Nxe7 19. fxe4 Rxf1+ 20. Bxf1 dxe4 21. Qxd8+ Rxd8 22. a4 Rc8 23. axb5 Rxc3 24. bxa6 Ba8 25. b5 Nd5 26. b6 Nxb6 27. Rb1 Rc6 28. c4 Nd7 29. a7 Rb6 30. Rd1 Rb7 31. Ra1 Kf7 32. Kf2 Ke7 33. Ke3 Nb6 34. c5 Nc8 35. Kd4 Rxa7 36. Ra6 Rxa6 37. Bxa6 Na7 38. Bc4 Nc6+ 0-1

[Event "Nordic School-ch U20"]
[Site "Tjele"]
[Date "2002.02.15"]
[Round "3"]
[White "Lund, Martin"]
[Black "Olsson, Simon"]
[Result "1/2-1/2"]
[WhiteElo "1851"]
[BlackElo "2059"]
[PlyCount "40"]
[EventDate "2002.02.14"]
[EventType "swiss"]
[EventRounds "6"]
[EventCountry "DEN"]
[SourceTitle "EXT 2022"]
[Source "ChessBase"]
[SourceDate "2021.10.06"]
[SourceVersion "1"]
[SourceVersionDate "2021.10.06"]
[SourceQuality "1"]

1. d4 e6 2. Nf3 d5 3. c4 Nf6 4. Bg5 Nbd7 5. Nc3 Bb4 6. a3 Bxc3+ 7. bxc3 0-0 8. e3 c5 9. cxd5 exd5 10. Be2 Re8 11. 0-0 c4 12. Qc2 Qa5 13. Bxf6 Nxf6 14. Nd2 Bd7 15. Bf3 Ba4 16. Qb2 Bc6 17. Rfe1 Rab8 18. Qb4 Qc7 19. Qb1 Qa5 20. Qb4 Qc7 1/2-1/2

[Event "Nordic School-ch U20"]
[Site "Tjele"]
[Date "2002.02.14"]
[Round "2"]
[White "Olsson, Simon"]
[Black "Simonsen, Hans Kristian"]
[Result "1-0"]
[WhiteElo "2059"]
[BlackElo "2234"]
[PlyCount "89"]
[EventDate "2002.02.14"]
[EventType "swiss"]
[EventRounds "6"]
[EventCountry "DEN"]
[SourceTitle "EXT 2022"]
[Source "ChessBase"]
[SourceDate "2021.10.06"]
[SourceVersion "1"]
[SourceVersionDate "2021.10.06"]
[SourceQuality "1"]

1. d4 Nf6 2. c4 e6 3. Nc3 Bb4 4. a3 Bxc3+ 5. bxc3 0-0 6. e3 b6 7. Bd3 Bb7 8. f3 d6 9. e4 Nc6 10. Ne2 Qd7 11. 0-0 e5 12. Bg5 Ne8 13. Qa4 f6 14. Be3 Rd8 15. Qc2 Na5 16. f4 Ba6 17. c5 Bxd3 18. Qxd3 exd4 19. cxd4 dxc5 20. Qc2 cxd4 21. Nxd4 Rf7 22. e5 fxe5 23. fxe5 Rxf1+ 24. Rxf1 c5 25. Qa2+ c4 26. e6 Qd6 27. Rf7 Nf6 28. Rxg7+ Kxg7 29. Nf5+ Kf8 30. Nxd6 Rxd6 31. Bg5 Ne4 32. e7+ Ke8 33. h4 Nxg5 34. hxg5 Kxe7 35. Qe2+ Re6 36. Qh5 c3 37. Qxh7+ Kd6 38. Qd3+ Ke5 39. Qxc3+ Kf5 40. Qh3+ Ke5 41. Qh5 Nc6 42. g6+ Kd6 43. g7 Ne7 44. Qe8 Rg6 45. Qxg6+ 1-0

[Event "SWE-chT 0001"]
[Site "Sweden"]
[Date "2001.02.10"]
[Round "7"]
[White "Olsson, Simon"]
[Black "Haggstrom, Olle"]
[Result "1/2-1/2"]
[WhiteElo "2039"]
[BlackElo "2226"]
[PlyCount "100"]
[EventDate "2000.10.13"]
[EventType "team"]
[EventRounds "11"]
[EventCountry "SWE"]
[SourceTitle "EXT 2006"]
[Source "ChessBase"]
[SourceDate "2005.11.24"]
[SourceVersion "1"]
[SourceVersionDate "2005.11.24"]
[SourceQuality "1"]
[WhiteTeam "Skara"]
[BlackTeam "Kamraterna "]
[WhiteTeamCountry "SWE"]
[BlackTeamCountry "SWE"]

1. d4 d5 2. c4 e6 3. Nc3 c6 4. cxd5 exd5 5. Nf3 Bf5 6. Qb3 Qb6 7. Qxb6 axb6 8. Bf4 Nf6 9. Nd2 b5 10. e3 Nbd7 11. f3 Bb4 12. a3 Bg6 13. g4 h6 14. Kf2 Be7 15. Be2 0-0 16. h4 Ne8 17. h5 Bh7 18. e4 dxe4 19. Ndxe4 f5 20. gxf5 Bxf5 21. Ke3 Nef6 22. Be5 Nxe5 23. dxe5 Nxe4 24. Nxe4 Bxe4 25. Kxe4 Bg5 26. Rae1 Rad8 27. Bd1 Rf4+ 28. Ke3 Rfd4+ 29. Kf2 Bh4+ 30. Rxh4 Rxh4 31. Kg3 Rhd4 32. e6 Re8 33. Bb3 Kf8 34. Re3 Ke7 35. f4 Red8 36. Bc2 R4d6 37. f5 Rd2 38. Be4 Rxb2 39. Kf4 Rf2+ 40. Ke5 Rh2 41. Rg3 Kf8 42. Rxg7 Kxg7 43. e7 Rg8 44. f6+ Kf7 45. Bg6+ Rxg6 46. hxg6+ Ke8 47. Ke6 Re2+ 48. Kd6 Rd2+ 49. Ke6 Re2+ 50. Kd6 Rd2+ 1/2-1/2